000 00685nam a22002297a 4500
005 20170124105926.0
010 _a910122
020 _c00.00
035 _a910122
037 _bCen Lib/Ret
040 _aDPL
_bEN
082 _a338.88
_bSEN
100 _aSen, S. C.
_96549
245 _aMultinational corporations in the developing countries /
_cby S. C. Sen
260 _aCalcutta
_bEastern Law House
_c1978
270 _a54, Ganesh Chunder Avenue
_bCalcutta
_e700013
300 _a315p.
_c23cm(Hb)
500 _aIncludes index
650 _aDeveloping countries
_96550
650 _aInternational business enterprises
_96551
942 _2ddc
_cEN
_h338.88
_mSEN
999 _c123508
_d123508